000 01209nam0a22003011 4500
001 v19\rc\1727006
005 20260407023313.0
035 _a(NLR Aleph) 005247248
090 _a5766832
_c5766832
100 _a20061002d1901 |||y0rusy50 ca
101 0 _arus
102 _aRU
105 _aa z |||||
200 1 _aО проектировании стенок - как одежд от волн, на Кругобайкальской жел. дор.
_f[М. Ксирихи]
210 _aИркутск
_cтипо-лит. К.И. Витковской
_d1901
215 _a18 с., 1 л. черт.
_cил.
_d25
300 _aАвт. указан в конце текста
309 _aБез тит. л.
316 _aЭкз. РНБ на шифре 34-12/219 с автогр. авт.
_5NLR: 34-12/219
700 1 _aКсирихи
_bМ.П.
_gМихаил Петрович
712 0 2 _aКругобайкальская железная дорога
_3RU\NLR\AUTH\8810008712
_9515175
801 0 _aRU
_bNLR
_c20061002
_gpsbo
801 0 _aRU
_bRuMoRGB
_c20061002
_2psbo
801 1 _aRU
_bProSoft-M
_c20061002
_2rusmarc
801 2 _aRU
_bNLR
_c20110809
_2rusmarc
852 _aNLR
_j34-12/219
942 _cBOOK
980 _aNB